| 000 | 00956nam a22002297a 4500 | ||
|---|---|---|---|
| 005 | 20250127122134.0 | ||
| 008 | 250127b |||||||| |||| 00| 0 eng d | ||
| 020 | _a978-93-87200-34-0 (hbk) | ||
| 037 | _cTB | ||
| 040 |
_aAL _cAL |
||
| 041 |
_2hin _ahin |
||
| 084 |
_aR6v 152R3 _qAL |
||
| 100 |
_aमिश्रा, ममता _9734839 |
||
| 245 | _aभारतीय दर्शन की चिंतन परंपरा | ||
| 260 |
_aवाराणसी, भारत: _bकला प्रकाशन, _c2023 |
||
| 300 | _ax, 300 पृ0 | ||
| 365 |
_b1200.00 _cINR |
||
| 650 |
_aदर्शन शास्त्र _9734840 |
||
| 653 | _aदर्शन शास्त्र | ||
| 942 |
_2CC _cTB _hR6v 152R3 _n0 |
||
| 999 |
_c1238266 _d1238266 |
||